| 000 -LEADER |
| fixed length control field |
00778nam a2200205Ia 4500 |
| 001 - CONTROL NUMBER |
| control field |
1305 |
| 003 - CONTROL NUMBER IDENTIFIER |
| control field |
GE_BSU |
| 008 - FIXED-LENGTH DATA ELEMENTS--GENERAL INFORMATION |
| fixed length control field |
181216s||||||||xx |||||||||||||| ||und|| |
| 040 ## - CATALOGING SOURCE |
| Transcribing agency |
GE_BSU |
| 080 ## - UNIVERSAL DECIMAL CLASSIFICATION NUMBER |
| Universal Decimal Classification number |
576.72(038) |
| 245 ## - TITLE STATEMENT |
| Title |
საერთაშორისო ჰისტოლოგიური ნომენკლატურა. |
| 245 ## - TITLE STATEMENT |
| Remainder of title |
შემდგ. მ. კორძაია, მ. ჭიჭინაძე. რედ. ნ. ჯავახიშვილი. |
| 260 ## - PUBLICATION, DISTRIBUTION, ETC. |
| Place of publication, distribution, etc. |
თბილისი |
| 260 ## - PUBLICATION, DISTRIBUTION, ETC. |
| Name of publisher, distributor, etc. |
განათლება |
| 260 ## - PUBLICATION, DISTRIBUTION, ETC. |
| Date of publication, distribution, etc. |
1977 |
| 300 ## - PHYSICAL DESCRIPTION |
| Extent |
134 გვ. 20 სმ. |
| 653 ## - INDEX TERM--UNCONTROLLED |
| Uncontrolled term |
საერთაშორისო ჰისტოლოგიური ნომენკლატურა |
| 942 ## - ADDED ENTRY ELEMENTS (KOHA) |
| Koha item type |
წიგნი |